000 00801nam a2200229 i 4500
001 C2-0307880
003 PPAK
005 20180728094633.0
008 110331s2000 my a|||| ||||| | may d
020 _a9679120600
040 _aPPAK
_beng
_cPPAK
_erda
082 0 4 _a959.5
_223
090 0 0 _a959.5
_bKUM
_dR
245 0 0 _aKumpulan Kertas Kerja Seminar Penghayatan dan Pengukuhan Kemerdekaan Malaysia ( Jilid 2 )
264 1 _aKuala Lumpur :
_bArkib Negara Malaysia ,
_c2000
300 _a319 pages :
_bcolour illustrations ;
_c30 cm
336 _2rdacontent
_atext
337 _2rdamedia
_aunmediated
338 _2rdacarrier
_avolume
650 1 0 _aMalaysia - History - Congresses. ; Independence Day (Malaysia) - Congresses. ; Malaysia - Politics and government - Congresses.
942 _ddc
_cB
999 _c110566
_d110566